000 00674nam a2200205 4500
001 110495
003 ES-MaACL
005 20260121063016.0
007 t|
008 061121s1960 sp r ||||1| spa d
100 _aNabokov, Vladimir
_9239142
245 1 3 _aEl engaño
_b: novela /
_cVladimir Nabokov ( seud.) ; [traducción de la versión francesa por fernando Gutiérrez].
260 _aBarcelona :
_bF.I.C.S.A.,
_c1960.
300 _a309 p. ;
_c20 cm.
490 1 _aColección Nueva ola
700 1 _aGutiérrez, Fernando,
_d1911-1984
_9156260
830 0 _aColección Nueva ola
_9233028
852 _aES-MaACL
_jC-18676
_bR.46948
999 _c110495
_d110495